| 000 | 00662nam a2200217 i 4500 | ||
|---|---|---|---|
| 001 | 19060 | ||
| 003 | ES-MaACL | ||
| 005 | 20250809025626.0 | ||
| 007 | t| | ||
| 008 | 020530s1989 cl ||||1| spa d | ||
| 080 | _a340.132.6 | ||
| 100 | 1 |
_aQuintana Bravo, Fernando. _994680 |
|
| 245 | 1 | 3 |
_aLa interpretación _b: sus problemas y sus límites / _cFernando Quintana Bravo. |
| 260 |
_aValparaíso : _bEDEVAL, _c1989. |
||
| 300 |
_a62 p. ; _c22 cm. |
||
| 490 | 1 |
_aColección Temas ; _v14 |
|
| 650 | 1 | 4 |
_aDerecho- _xInterpretación _911626 |
| 830 | 0 |
_aColección Temas ; _v14 _9182605 |
|
| 852 |
_aES-MaACL _j2168-F-10 _bR.117020 |
||
| 999 |
_c19060 _d19060 |
||